Statistiques concernant Focus sur: Roi-sorcier d'Angmar - Tolkien

Cliquez ici pour prendre le quiz!

Statistiques générales

  • Ce quiz a été pris 75 fois
  • Le résultat moyen est 10 sur 12

Statistiques - réponses

Informations recherchéesRéponses% Correct
Age durant lequel il vécutDeuxième/Troisième
99%
EspèceHomme
97%
Seigneur de Minas Morgul
97%
Couleur des cheveux (films)Brun/Gris
93%
Professions et titresChef des Nazgûl
93%
CitéMinas Morgul
93%
Groupe auquel il appartientNazgûl
91%
Première mentionLe Seigneur des Anneaux: La Communauté de l'Anneau
90%
ContréeMordor
78%
Lignée (probable)Númenor
69%
Nom de l'armeLame de {Morgul}
66%
Acteur l'interprétant dans les filmsLawrence Makoare
6%

Distribution des résultats

Percentile par nombre de réponses

% des personnes avec chaque résultat

Votre développement - résultats

Vous n’avez pas pris ce quiz